000 01003nam2a22002531 4500
001 v19\rc\2002949
005 20251118181315.7
035 _a(NLR Aleph) 005078336
090 _a7169477
_c7169477
100 _a20080811d1915 u y0rusy50 ca
101 0 _arus
102 _aRU
105 _ay z |||||
200 0 _a... с 4-го июня по 1-е октября 1915 г.
210 _d1915
215 _a45 с.
461 0 _1001v19\rc\2002947
_12001#$aОтчет Клуба моряков торгового флота...$v... с 4-го июня по 1-е октября 1915 г.
_97169460
_aКлуб моряков торгового флота (Баку)
_cБаку
_d1915-1917
_tОтчет Клуба моряков торгового флота...
_v... с 4-го июня по 1-е октября 1915 г.
801 0 _aRU
_bNLR
_gpsbo
801 0 _aRU
_bRuMoRGB
_2psbo
801 1 _aRU
_bProSoft-M
_2rusmarc
852 _aNLR
_j17.164.6.8(3)
899 _aRuMoRGB
_jV 567/107
942 _cBOOK
980 _aNB